000 00819nam a2200193 4500
999 _c63812
_d63812
003 Ge_BSU
005 20260120205501.0
008 260120s1959 ge ||||| |||| 00| 0 geo d
041 _ageo
080 _a330.1 მ-54
100 _aმელქაძე, ვ.
_926708
245 _aპოლიტიკური ეკონომიის შესავალი /
_cვ. მელქაძე, ნ. ხურციძე.
264 _aთბილისი :
_bსაბჭ. საქართველო,
_c1959.
300 _a221 გვ. ;
_b21 სმ.
504 _aბიბლიოგრ. შენიშვნებში.
653 _aპოლიტიკური ეკონომია
700 _aხურციძე, ნიჟა
_eავტორი
_925585
942 _2udc
_cᲬᲘᲒᲜᲘ